| 000 | 00825cam a22002535a 4500 | ||
|---|---|---|---|
| 999 |
_c27464 _d27435 |
||
| 005 | 20190711103947.0 | ||
| 008 | 011208t1999 xxua fr 001 ||eng d | ||
| 020 | _a0875849105 | ||
| 020 | _a9780875849102 | ||
| 040 |
_aDLC _cDLC _dUk _dEG-ScBUE _beng |
||
| 082 | 0 | 4 |
_a658.421 _222 _bHAR |
| 245 | 0 | 0 | _aHarvard business review on entrepreneurship. |
| 246 | 3 | _aEntrepreneurship | |
| 260 |
_aBoston : _bHarvard Business School Press, _cc.1999. |
||
| 300 |
_av, 217 p. ; _c22 cm. |
||
| 490 | 0 | _aThe Harvard business review paperback series | |
| 500 | _aArticles originally published in the Harvard business review, 1986-1998. | ||
| 500 | _aIncludes index. | ||
| 650 | 7 |
_aNew business enterprises _xManagement. _2BUEsh |
|
| 650 | 7 |
_aEntrepreneurship. _2BUEsh |
|
| 651 | _2BUEsh | ||
| 653 |
_bBUSADM _cMay2019 |
||
| 942 | _2ddc | ||